00616 a2200181 4500020002600000035001300026037004500039090001500084100001700099245007100116260003400187300003500221700002000256700001900276942002200295999001500317952010200332 a9780375766169c650.00 aB-211504 bRP-ZLS-2782 / UBH-07-08:6 / RP-07-08:ENG c4891d48911 aLurie, Karen1 aCracking the GREcby Karen Lurie, Magda Pecsenye and Adam Robinson aNew YorkbRandom House,c2008 ax, 375 pc27.5 cm (pbk)e1 DVD aPecsenye, Magda aRobinson, Adam adplcENk / LUR c4799d4799 00102ddc4070aZLSbZLSg650.00l0pB-211504r2008-09-15 00:00:00u5094v650.00w2008-09-15yEN